| 000 | 00000nam##2200000za#4500 |
| 001 | 9.699105 |
| 003 | CaOODSP |
| 005 | 20241203113638 |
| 007 | cr ||||||||||| |
| 008 | 150407|2003||||xxc|||||o f|0| 0 eng|d |
| 040 | |aCaOODSP|beng |
| 043 | |an-cn--- |
| 086 | 1 |aEn14-171/2003-2E-PDF |
| 110 | 1 |aCanada. |bEnvironment Canada. |
| 245 | 10|aField manual. Part B, : |h[electronic resource]|bAdditional methods and experimental manipulations / |ccompiled, written and edited by David Bean, Greg Henry, and Sandra Rolph ; EMAN North. |
| 260 | |aOttawa - Ontario : |bEnvironment Canada |c2003. |
| 300 | |a62p.|bfigs. (some coloured), glossary, references, tables |
| 500 | |aFor Part A, see En14-171/2003-1E-PDF. |
| 590 | |a14-21-Supp|b2014-12-11 |
| 690 | 07|aEnvironmental management|2gcpds |
| 690 | 07|aNorthern Canada|2gcpds |
| 775 | 08|tManuel pour la recherche sur le terrain. Partie B, : |w(CaOODSP)9.643125 |
| 856 | 40|ahttp://publications.gc.ca|qPDF|s2.44 MB|uhttps://publications.gc.ca/collections/collection_2014/ec/En14-171-2003-2-eng.pdf |